|
|
|
|
| LEADER |
01025nam a2200265 a 4500 |
| 001 |
1164752 |
| 008 |
090616r1997 njua b 001 0 eng d |
| 010 |
|
|
|a 96046485
|
| 020 |
|
|
|a 8120312384
|
| 020 |
|
|
|a 0132724510
|
| 040 |
|
|
|a DLC
|c DLC
|d DLC
|
| 082 |
0 |
0 |
|a 658.8/48
|2 20
|
| 100 |
1 |
|
|a Onkvisit, Sak.
|
| 245 |
1 |
0 |
|a International marketing :
|b analysis and strategy /
|c Sak Onkvisit, John J. Shaw.
|
| 250 |
|
|
|a 3rd ed.
|
| 260 |
|
|
|a Upper Saddle River, N.J. ;
|a New Delhi :
|b Prentice Hall,
|c c1997.[Reprinted]
|
| 300 |
|
|
|a xviii, 750 p. :
|b ill. ;
|c 26 cm.
|
| 504 |
|
|
|a Includes bibliographical references and indexes.
|
| 541 |
1 |
|
|e 00008133
|
| 650 |
|
0 |
|a Export marketing.
|
| 650 |
|
0 |
|a Export marketing
|x Management.
|
| 700 |
1 |
|
|a Shaw, John J.
|
| 852 |
4 |
|
|a Ayesha Abed Library
|j General shelf
|
| 999 |
|
|
|c 1426
|d 1426
|
| 952 |
|
|
|0 0
|1 0
|2 ddc
|4 0
|6 658_848000000000000_ONK
|7 0
|9 1304
|a BRACUL
|b BRACUL
|c GEN
|d 2009-06-28
|g 0.00
|l 1
|o 658.848 ONK
|p 3010008133
|r 2018-05-13
|s 2018-05-07
|t 1
|w 2009-06-28
|y BK
|x No price found in the accession register.
|